| 000 | 00677nam a2200217Ia 4500 | ||
|---|---|---|---|
| 003 | OSt | ||
| 005 | 20241129084342.0 | ||
| 008 | 210716s1978 xx 000 0 und d | ||
| 020 | _a0449238946 | ||
| 040 | _cAIMIT LIBRARY | ||
| 041 | _aeng | ||
| 082 |
_a808.83 _21 _bBOME |
||
| 100 |
_aBombeck, Erma. _9187163 |
||
| 245 |
_aIf life is a bowl of cherries- what am i doing in the pits / _cBy Erma Bombeck. |
||
| 250 | _a1st ed. | ||
| 260 |
_aNew York : _bFawcett Books ; _c1978. |
||
| 300 |
_a256p. ; _bPB _c18 cm. |
||
| 650 |
_aIf you thought the wedding was bad _9187164 |
||
| 650 |
_aFshions and fads that underwhelmed me _9187165 |
||
| 942 |
_2ddc _cBK _e1st ed. _k808.83 BOME |
||
| 999 |
_c200274 _d200274 |
||